| 000 | 01000nam0a22003131 4500 | ||
|---|---|---|---|
| 001 | RU\NLR\INFOCOMM_190\5000025593 | ||
| 005 | 20250613090733.0 | ||
| 035 | _a(NLR Aleph) 009076966 | ||
| 090 |
_a7958271 _c7958270 |
||
| 100 | _a20081108d1975 |||y0rusy50 ca | ||
| 101 | 0 | _aeng | |
| 102 | _aRU | ||
| 105 | _aa z 000zy | ||
| 200 | 1 |
_aMuonic pairs and neutral heavy leptons _fA. É. Asratyan |
|
| 210 |
_aМ. _c[s.n.] _d1975 |
||
| 215 |
_a8 с. _cграф. _d25 см |
||
| 225 | 1 |
_a[Preprint] _fInstitute of theoretical and experimental physics _vITEP-31 |
|
| 320 | _aБиблиогр.: с. 8 | ||
| 606 |
_aМюонные пары _2nlr_sh1 |
||
| 606 |
_aЛептоны тяжелые нейтральные _2nlr_sh1 |
||
| 686 |
_aВ 382 _2rubbk |
||
| 701 | 1 |
_9z01790 _aAsratjan _bA. É. _gAšot Ézrasovič _4070 |
|
| 790 | 1 |
_9z01701 _aAsratyan _bA. E. _4070 |
|
| 801 | 1 |
_aRU _bNLR _c20081108 |
|
| 801 | 0 |
_aRU _bNLR _gPSBO |
|
| 852 |
_aNLR _jФз01 Д-8/81 |
||
| 942 | _cBOOK | ||
| 980 | _aNB | ||